000 00315nam a2200121Ia 4500
008 191201s2011 xx 000 0 und d
100 _aCHERUNILAM, Francis
245 0 _aIndustrial Marketing Text and Cases
260 _aN. Delhi
_bHimalaya Publication House
_c2011
300 _a381
650 _aMBA
942 _2ddc
_cBK
999 _c144
_d144